Fußballvereine aller deutschen Großstädte - Statistiken

Allgemein
  • Dieses Quiz wurde 3.231 mal gespielt
    621 seit der letzten Aktualisierung
  • Das Durchschnittsergebnis liegt bei 47 aus 81
Antwortstatistiken
Stadt Liga Verein(e) % Korrekt
Köln Bundesliga 1. FC Köln
99%
München Bundesliga FC Bayern München
99%
Hamburg Bundesliga Hamburger SV/FC St. Pauli
99%
Berlin Bundesliga Union Berlin
98%
Dortmund Bundesliga Borussia Dortmund
97%
Leipzig Bundesliga RB Leipzig
97%
Bremen Bundesliga Werder Bremen
96%
Dresden 2. Bundesliga Dynamo Dresden
95%
Frankfurt am Main Bundesliga Eintracht Frankfurt
95%
Stuttgart Bundesliga VfB Stuttgart
95%
Hannover 2. Bundesliga Hannover 96
94%
Nürnberg 2. Bundesliga 1. FC Nürnberg
93%
Essen 3. Liga Rot-Weiß Essen
93%
Düsseldorf 2. Bundesliga Fortuna Düsseldorf
92%
Mönchen­gladbach Bundesliga Borussia Mönchengladbach
91%
Bochum 2. Bundesliga VfL Bochum
91%
Gelsenkirchen 2. Bundesliga FC Schalke 04
90%
Augsburg Bundesliga FC Augsburg
89%
Bielefeld 2. Bundesliga Arminia Bielefeld
87%
Karlsruhe 2. Bundesliga Karlsruher SC
87%
Duisburg 3. Liga MSV Duisburg
86%
Münster 2. Bundesliga Preußen Münster
85%
Kiel 2. Bundesliga Holstein Kiel
84%
Braunschweig 2. Bundesliga Eintracht Braunschweig
83%
Wiesbaden 2. Bundesliga Wehen Wiesbaden
83%
Rostock 3. Liga Hansa Rostock
82%
Freiburg im Breisgau Bundesliga SC Freiburg
82%
Aachen 3. Liga Alemannia Aachen
80%
Mannheim 3. Liga Waldhof Mannheim
80%
Leverkusen Bundesliga Bayer Leverkusen
79%
Kaiserslautern 2. Bundesliga 1. FC Kaiserslautern
75%
Mainz Bundesliga FSV Mainz 05
74%
Wolfsburg Bundesliga VfL Wolfsburg
74%
Magdeburg 2. Bundesliga 1. FC Magdeburg
73%
Fürth 2. Bundesliga Greuther Fürth
72%
Chemnitz Regionalliga Chemnitzer FC
71%
Halle (Saale) Regionalliga Hallescher FC
70%
Paderborn 2. Bundesliga SC Paderborn
70%
Osnabrück 3. Liga VfL Osnabrück
70%
Saarbrücken 3. Liga 1. FC Saarbrücken
69%
Ingolstadt 3. Liga FC Ingolstadt
69%
Darmstadt 2. Bundesliga SV Darmstadt 98
68%
Wuppertal Regionalliga Wuppertaler SV
68%
Erfurt Regionalliga Rot-Weiß Erfurt
67%
Regensburg 3. Liga Jahn Regensburg
66%
Oberhausen Regionalliga Rot-Weiß Oberhausen
66%
Lübeck Regionalliga VfB Lübeck
62%
Bonn Regionalliga Bonner SC
61%
Jena Regionalliga Carl Zeiss Jena
60%
Offenbach am Main Regionalliga Kickers Offenbach
58%
Ulm 3. Liga SSV Ulm 1846
58%
Würzburg Regionalliga Würzburger Kickers
58%
Kassel Regionalliga Hessen Kassel
48%
Trier Regionalliga Eintracht Trier
46%
Oldenburg (Oldb) Regionalliga VfB Oldenburg
44%
Krefeld Oberliga KFC Uerdingen
43%
Koblenz Oberliga TuS Koblenz/ Cosmos Koblenz
42%
Gütersloh Regionalliga FC Gütersloh
37%
Siegen Regionalliga Sportfreunde Siegen
27%
Reutlingen Oberliga SSV Reutlingen
27%
Potsdam Regionalliga SV Babelsberg 03
24%
Mülheim an der Ruhr Landesliga VfB Speldorf/DJK Blau-Weiß Mintard/Mülheimer FC 97
20%
Recklinghausen Bezirksliga FC 96 Recklinghausen
19%
Remscheid Landesliga FC Remscheid
19%
Herne Verbandsliga DSC Wanne-Eickel/SpVgg Horsthausen/Westfalia Herne
17%
Bergisch Gladbach Oberliga SV Bergisch Gladbach 09
14%
Pforzheim Oberliga 1. CfR Pforzheim
10%
Bottrop Landesliga VfB Bottrop/Rhenania Bottrop
10%
Ludwigshafen am Rhein Oberliga Arminia Ludwigshafen
8%
Bremer­haven Oberliga Leher Turnerschaft/ESC Geestemünde/OSC Bremerhaven
8%
Hagen Verbandsliga Spvg. Hagen
8%
Heilbronn Verbandsliga VfR Heilbronn
8%
Göttingen Landesliga 1. SC Göttingen 05/ SVG Göttingen
7%
Hildesheim Oberliga VfV Borussia 06 Hildesheim
6%
Erlangen Oberliga ATSV Erlangen/ SC Eltersdorf
4%
Hamm Oberliga Westfalia Rhynern
4%
Moers Landesliga SV Scherpenberg/ GSV Moers
3%
Solingen Landesliga DV Solingen
2%
Heidelberg Verbandsliga SG Heidelberg-Kirchheim
2%
Neuss Oberliga Holzheimer SG
1%
Salzgitter Landesliga FC Germania Bleckenstedt
0%
Keine übereinstimmenden Quizze gefunden
Verteilung der Resultate
Anzahl Personen mit jedem Resultat
Perzentil nach korrekt beantworteten Fragen
Ihre Resultats-Entwicklung
Sie haben dieses Quiz seit der letzten Aktualisierung nicht gespielt